00479nam a2200121Ia 4500008004100000100002400041245009600065245007800161260005900239650001800298650001500316856002600331170221s9999 xx 000 0 und d aTanimu Ahmed Jibril aCommunicating Beyond the Conventional Functions: An Assessment of Newspaper Announcements  cTanimu Ahmed Jibril, Afida Mohamad Ali, Zalina Mohd Kasim, Chan Mei Yuit. bOnline Journal of Communication and Media Technologies xCommunication xMedia Arts uhttp://www.ojcmt.net/